BUSINESS MATHEMATICS (Record no. 6287)
[ view plain ]
| 000 -LEADER | |
|---|---|
| fixed length control field | 01425nam a2200169Ia 4500 |
| 003 - CONTROL NUMBER IDENTIFIER | |
| control field | SGT |
| 020 ## - INTERNATIONAL STANDARD BOOK NUMBER | |
| International Standard Book Number | 9788125928416 |
| 082 ## - DEWEY DECIMAL CLASSIFICATION NUMBER | |
| Classification number | 510,ZAM |
| 100 ## - MAIN ENTRY--PERSONAL NAME | |
| Personal name | ZAMEERUDDIN,QAZI |
| 245 ## - TITLE STATEMENT | |
| Title | BUSINESS MATHEMATICS |
| 250 ## - EDITION STATEMENT | |
| Edition statement | 2nd Ed. |
| 260 ## - PUBLICATION, DISTRIBUTION, ETC. (IMPRINT) | |
| Name of publisher, distributor, etc | VIKAS |
| Place of publication, distribution, etc | NEW DELHI |
| Year of Publication | 2013 |
| 300 ## - PAGE DESCRIPTION | |
| No. of Pages | 1000p. |
| 650 ## - SUBJECT ADDED ENTRY--TOPICAL TERM | |
| Topical term or geographic name as entry element | MATHEMATICS |
| 653 ## - KEYWORDS--INDEX TERM | |
| Keyword term | • SETS • GROUPS, RINGS AND FIELDS • REAL NUMBERS AND MATHEMATICAL INDUCTION • LINEAR EQUATIONS AND INEQUALITIES • SOLUTION OF EQUATIONS—QUADRATIC AND SIMULTANEOUS • PROGRESSIONS (AP, GP AND HP) • SURDS AND INDICES • CUBIC AND BIQUADRATIC EQUATIONS • PERMUTATIONS AND COMBINATIONS • BINOMIAL THEOREM • SEQUENCES AND INFINITE SERIES • LOGARITHMS • INTEREST AND ANNUITIES • MEASUREMENT OF ANGLES • TRIGONOMETRICAL RATIOS • TRIGONOMETRICAL RATIOS OF SUMS AND DIFFERENCES OF TWO ANGLES • PROPERTIES OF TRIANGLES • VARIATION OF TRIGONOMETRICAL RATIOS AND THEIR INVERSES • HEIGHTS AND DISTANCES • CO-ORDINATES AND LOCI • THE STRAIGHT LINE • THE CIRCLE • CONIC SECTIONS • DIFFERENTIATION • APPLICATIONS OF DIFFERENTIATION: (TANGENTS AND NORMALS • MAXIMA AND MINIMA • EXPANSIONS, TAYLOR’S AND MACLAURIN’S THEOREMS • APPLICATIONS TO COMMERCE AND ECONOMICS) • INTEGRATION—DIFFERENT METHODS • REDUCTION FORMULAS, DEFINITE INTEGRALS AND APPLICATIONS • MATRICES AND DETERMINANTS • VECTOR ALGEBRA • LINEAR PROGRAMMING |
| 942 ## - ADDED ENTRY ELEMENTS (KOHA) | |
| Source of classification or shelving scheme | Dewey Decimal Classification |
| Koha item type | FCM Books |
| Withdrawn status | Lost status | Source of classification or shelving scheme | Damaged status | Not for loan | Collection code | Home library | Current library | Shelving location | Date acquired | Vendor Name | Cost, normal purchase price | SGTU | Bill Number | Full call number | Accession No. (Barcode) | Date last seen | Bill Date | Koha item type |
|---|---|---|---|---|---|---|---|---|---|---|---|---|---|---|---|---|---|---|
| Dewey Decimal Classification | Not For Loan | COMMERCE MANAGEMENT | SGT Science & Social Sciences Library | SGT Science & Social Sciences Library | Reference Book | 30/08/2013 | IBH | 445.00 | SGTU | 9475 | 510 ZAM | CM58 | 24/03/2015 | 30/08/2013 | FCM Books |